000 00491nam a2200193 a 4500
001 1772013440387
003 YourLibrary
005 20260225152850.0
008 260225s2002##################000#0#eng##
020 _a9780521808484
082 0 4 _a320.973
_bKRO
100 1 _aKromkowski, Charles A.,
_eauthor.
245 1 0 _aRecreating the American Republic :
260 _c2002.
300 _a451 pages
650 0 _aHistory.
942 _cENGLISH
040 _aYourLibrary
_beng
_cYourLibrary
999 _c615636
_d615636